00449nam a2200157Ia 4500008004100000020001400041082001600055100001900071245007700090250000700167260003900174300002900213500001900242600001500261650001500276240925s9999 xx 000 0 und d a273625845 a658.403 WIL aWilson, Martin 4aThe Information Edge: successful management using information technology aNA aLondon:bPitman Publishingc,1997. axxix,832p.bNAfOriginal aIncludes Index aManagement aManagement